[Event "World Blitz Women 2017"]
[Site "Riyadh KSA"]
[Date "2017.12.29"]
[Round "1.1"]
[White "Padmini, Rout"]
[Black "Lagno, Kateryna"]
[Result "1/2-1/2"]
[WhiteTitle "IM"]
[BlackTitle "GM"]
[WhiteElo "2324"]
[BlackElo "2547"]
[WhiteFideId "5029295"]
[BlackFideId "14109336"]
[EventDate "2017.12.29"]

1. e4 e5 2. Nf3 Nc6 3. Bc4 Bc5 4. O-O Nf6 5. d3 a6 6. Nbd2 d6 7. c3 O-O 8. Bb3
Ba7 9. h3 Ne7 10. Re1 Ng6 11. Nf1 Nh5 12. Bg5 Qe8 13. Be3 Bxe3 14. Nxe3 Ngf4 15.
Kh2 Be6 16. Ng1 Bxb3 17. axb3 Nf6 18. g3 Ng6 19. Nf5 Ne7 20. Ne3 Rd8 21. b4 Qd7
22. Nf3 Ng6 23. h4 Rfe8 24. Kg2 d5 25. Qc2 d4 26. cxd4 exd4 27. Nf5 Ne5 28. Nxe5
Rxe5 29. Qd2 h6 30. Rac1 c6 31. Rc4 Rde8 32. Rxd4 Qc7 33. Qc3 Kh7 34. Ne3 R5e6
35. f4 Rd8 36. e5 Rxd4 37. Qxd4 Ne8 38. Qe4+ Kg8 39. d4 g6 40. f5 gxf5 41. Nxf5
Ng7 42. Qg4 Rg6 43. Qf4 Nxf5 44. Qxf5 Qd8 45. Re4 Qe7 46. Rf4 Rg7 47. Qf6 Qxb4
48. Qxh6 Qxb2+ 49. Kh3 Qb1 50. Kg2 Qc2+ 51. Rf2 Qe4+ 52. Kh2 Rg6 53. Qd2 Qd5 54.
Qf4 a5 55. h5 Rg7 56. Qf5 a4 57. Qc8+ Kh7 58. Qf5+ Kg8 59. Qc8+ Kh7 60. Qf5+ Kg8
61. Qc8+ Kh7 62. Qf5+ 1/2-1/2

[Event "World Blitz Women 2017"]
[Site "Riyadh KSA"]
[Date "2017.12.29"]
[Round "1.2"]
[White "Ju, Wenjun"]
[Black "Zozulia, Anna"]
[Result "1/2-1/2"]
[WhiteTitle "GM"]
[BlackTitle "IM"]
[WhiteElo "2567"]
[BlackElo "2316"]
[WhiteFideId "8603006"]
[BlackFideId "14102110"]
[EventDate "2017.12.29"]

1. Nf3 Nf6 2. g3 g6 3. Bg2 Bg7 4. c4 O-O 5. d4 d6 6. O-O Nc6 7. Nc3 Bf5 8. Nh4
Bd7 9. f4 Rb8 10. e4 e5 11. dxe5 dxe5 12. f5 Nd4 13. Be3 Re8 14. g4 c6 15. g5
Nh5 16. f6 Bf8 17. Bxd4 exd4 18. Qxd4 Be6 19. Qxa7 Bxc4 20. Rfd1 Qc7 21. Qf2 Nf4
22. Kh1 Qe5 23. Nf3 Qa5 24. Qc2 b5 25. a3 Qc7 26. b3 Be6 27. Nd4 Nxg2 28. Qxg2
Qe5 29. Nxe6 Rxe6 30. Rd3 b4 31. axb4 Bxb4 32. Rc1 h6 33. h4 hxg5 34. hxg5 Rbe8
35. Rh3 Bxc3 36. Rcxc3 Qxe4 37. Qxe4 Rxe4 38. Rxc6 Rg4 39. Rc5 Re1+ 40. Kh2 Re2+
41. Kh1 Re1+ 42. Kh2 Re2+ 43. Kh1 Re1+ 44. Kh2 Re2+ 45. Kh1 1/2-1/2

[Event "World Blitz Women 2017"]
[Site "Riyadh KSA"]
[Date "2017.12.29"]
[Round "1.3"]
[White "Cramling, Pia"]
[Black "Gunina, Valentina"]
[Result "0-1"]
[WhiteTitle "GM"]
[BlackTitle "GM"]
[WhiteElo "2450"]
[BlackElo "2510"]
[WhiteFideId "1700030"]
[BlackFideId "4167570"]
[EventDate "2017.12.29"]

1. d4 Nf6 2. Nf3 d5 3. c4 e6 4. g3 Bb4+ 5. Bd2 Be7 6. Bg2 O-O 7. O-O c6 8. Qc2
Nbd7 9. Rd1 b6 10. Bf4 Nh5 11. Bd2 Bb7 12. b3 Nhf6 13. Nc3 c5 14. cxd5 Nxd5 15.
Nxd5 Bxd5 16. e4 Bb7 17. Bc3 cxd4 18. Bxd4 Rc8 19. Qe2 Qc7 20. h4 Nf6 21. Ne5
Rfd8 22. Nc4 Bc5 23. Bxf6 gxf6 24. Qg4+ Kf8 25. e5 f5 26. Qg5 Bxg2 27. Kxg2 b5
28. Qh6+ Ke8 29. Nd6+ Bxd6 30. exd6 Rxd6 31. Qxh7 Qc6+ 32. Kg1 Ke7 33. Qh6 Rg8
34. Qe3 Rg4 35. Qxa7+ Kf6 36. Qe3 f4 37. Rxd6 Qxd6 38. Qc3+ Kg6 39. Qf3 f5 40.
Kg2 fxg3 41. fxg3 Qd2+ 42. Kh3 Re4 43. Rf1 Re2 44. Rh1 Qxa2 45. Qc6 Qxb3 46.
Qe8+ Kg7 47. Qe7+ Kg6 48. Qe8+ Kf6 49. Qh8+ Ke7 50. Qg7+ Kd6 51. Qf8+ Ke5 52.
Qg7+ Ke4 53. Qb7+ Qd5 54. Qg7 f4 55. Rf1 Qf5+ 56. g4 Re3+ 57. Kh2 Qd5 58. Qg6+
Kd4 59. Rxf4+ Kc3 60. Qf6+ e5 61. Rf2 Qe4 62. Qf5 Qa4 63. h5 Qd1 64. h6 Re1 0-1

[Event "World Blitz Women 2017"]
[Site "Riyadh KSA"]
[Date "2017.12.29"]
[Round "1.4"]
[White "Tan, Zhongyi"]
[Black "Ordaz Valdes, Lisandra Teresa"]
[Result "1-0"]
[WhiteTitle "GM"]
[BlackTitle "WGM"]
[WhiteElo "2517"]
[BlackElo "2414"]
[WhiteFideId "8603642"]
[BlackFideId "3506940"]
[EventDate "2017.12.29"]

1. d4 d5 2. c4 e6 3. Nf3 Nf6 4. Nc3 Be7 5. Bg5 h6 6. Bxf6 Bxf6 7. e3 O-O 8. Qc2
b6 9. Bd3 Bb7 10. cxd5 exd5 11. b4 c6 12. O-O Nd7 13. Rab1 Re8 14. Rfd1 a5 15.
bxa5 Rxa5 16. a4 Qe7 17. h3 g6 18. Nd2 Raa8 19. Be2 c5 20. Nf3 Bc6 21. Bb5 Qe6
22. dxc5 Bxc3 23. Qxc3 bxc5 24. Qd2 Bxb5 25. axb5 Nb6 26. Rdc1 Nc4 27. Qd1 Ra2
28. Ra1 Rea8 29. Rxa2 Rxa2 30. Ra1 Rb2 31. Qa4 Kg7 32. Rd1 Ne5 33. Nxe5 Qxe5 34.
Qa1 Qf6 35. f3 Qc3 36. Kh1 Qc2 37. Rg1 d4 38. exd4 cxd4 39. b6 Kh7 40. b7 Rxb7
41. Qxd4 Rb1 42. Qf4 Rxg1+ 43. Kxg1 Qb1+ 44. Kh2 Qb3 45. Qe5 Qc4 46. Qf6 Qc7+
47. f4 Qc4 48. h4 h5 49. Qe5 Qb3 50. f5 gxf5 51. Qxf5+ Kg7 52. Qg5+ Kf8 53. Qxh5
Qb8+ 54. Kh3 Qb3+ 55. Qf3 Qe6+ 56. g4 Qa2 57. Qc3 Qb1 58. Qc5+ Kg8 59. h5 Qh1+
60. Kg3 Qe1+ 61. Qf2 Qc3+ 62. Kh4 Qc1 63. g5 Qc4+ 64. Kh3 Qd3+ 65. Qg3 Qf1+ 66.
Kg4 Qd1+ 67. Qf3 Qg1+ 68. Kf4 Qc1+ 69. Qe3 Qc4+ 70. Kf5 Qc2+ 71. Kf6 Qc6+ 72.
Kf5 Qc2+ 73. Qe4 Qc5+ 74. Kf6 Qb6+ 75. Kf5 Qc5+ 76. Qe5 Qf2+ 77. Qf4 Qc2+ 78.
Kf6 Qc6+ 79. Ke7 Qe6+ 80. Kd8 Qd5+ 81. Kc7 Qc5+ 82. Kd7 Qb5+ 83. Ke7 Qb7+ 84.
Kd8 Qd5+ 85. Kc7 Qc5+ 86. Kb7 Qb5+ 87. Kc7 Qc5+ 88. Kd8 Qd5+ 89. Ke7 Qb7+ 90.
Kf6 Qc6+ 91. Ke7 Qb7+ 92. Kd8 Qd5+ 93. Ke8 Qc6+ 94. Ke7 Qb7+ 95. Ke8 Qc6+ 96.
Kd8 Qa8+ 97. Kc7 Qa5+ 98. Kc6 Qa6+ 99. Kd5 Qb5+ 100. Ke4 Qa4+ 101. Ke3 Qb3+ 102.
Kf2 Qc2+ 103. Kg3 Qc3+ 104. Kg4 Qc8+ 105. Kh4 Qa8 106. h6 Qh1+ 107. Kg3 Qg1+
108. Kf3 Qh1+ 109. Kg4 Qg1+ 110. Kf5 Qb1+ 111. Qe4 Qf1+ 112. Kg4 Qg1+ 113. Kf5
Qf1+ 114. Ke5 Qa1+ 115. Qd4 Qa5+ 116. Kf6 Qa6+ 117. Kf5 Qg6+ 118. Kf4 Kh7 119.
Qe4 f5 120. gxf6 Qxe4+ 121. Kxe4 Kxh6 1-0

[Event "World Blitz Women 2017"]
[Site "Riyadh KSA"]
[Date "2017.12.29"]
[Round "1.5"]
[White "Guo, Qi"]
[Black "Harika, Dronavalli"]
[Result "1/2-1/2"]
[WhiteTitle "IM"]
[BlackTitle "GM"]
[WhiteElo "2396"]
[BlackElo "2504"]
[WhiteFideId "8604002"]
[BlackFideId "5015197"]
[EventDate "2017.12.29"]

1. d4 e6 2. c4 b6 3. Nf3 Bb7 4. g3 Nf6 5. Bg2 Bb4+ 6. Bd2 c5 7. O-O O-O 8. Bxb4
cxb4 9. a3 bxa3 10. Nxa3 d5 11. Ne5 Nc6 12. Nxc6 Bxc6 13. e3 Rc8 14. Rc1 Qd7 15.
Qe2 Rc7 16. c5 bxc5 17. Rxc5 Bb7 18. Rfc1 Rxc5 19. Rxc5 Rc8 20. Qc2 g6 21. h3
Kg7 22. b4 a6 23. Nb1 Qd8 24. Nd2 Nd7 25. Rxc8 Qxc8 26. Qxc8 Bxc8 27. Nb3 Kf8
28. Bf1 Ke7 29. b5 axb5 30. Bxb5 Nf6 31. Nc5 Bd7 32. Bd3 Bc8 33. Bb5 Bd7 34. Bd3
Bc8 35. Bb5 Bd7 1/2-1/2

[Event "World Blitz Women 2017"]
[Site "Riyadh KSA"]
[Date "2017.12.29"]
[Round "1.7"]
[White "Charkhalashvili, Inga"]
[Black "Stefanova, Antoaneta"]
[Result "1-0"]
[WhiteTitle "WGM"]
[BlackTitle "GM"]
[WhiteElo "2355"]
[BlackElo "2500"]
[WhiteFideId "13601431"]
[BlackFideId "2902257"]
[EventDate "2017.12.29"]

1. d4 d5 2. c4 c6 3. Nc3 Nf6 4. Nf3 a6 5. e3 e6 6. Bd3 dxc4 7. Bxc4 b5 8. Bb3
Bb7 9. O-O c5 10. dxc5 Nbd7 11. c6 Bxc6 12. Nd4 Bb7 13. Qe2 Bc5 14. Rd1 Qb6 15.
a4 b4 16. a5 Qa7 17. Na4 Be7 18. e4 Nxe4 19. Be3 Qb8 20. Qg4 Ndf6 21. Qh3 Qe5
22. Nb6 Rd8 23. f4 Qh5 24. Qxh5 Nxh5 25. Rac1 Bd6 26. g3 O-O 27. Nc4 Bb8 28. Nc2
Nhf6 29. Nxb4 Nd5 30. Nxd5 Bxd5 31. Bb6 Rc8 32. Ba2 Rc6 33. b3 Rfc8 34. Bb1 f5
35. Bd3 Bd6 36. Ra1 Bb4 37. Ne5 Rc3 38. Bxa6 Ra8 39. Bc4 Bxc4 40. bxc4 Bc5+ 41.
Bxc5 Nxc5 42. a6 h6 43. a7 Rb3 44. Ra5 Nb7 45. Ra6 Nc5 46. Rc6 Ne4 47. Rxe6 Rxa7
48. Re8+ Kh7 49. Rdd8 g5 50. Rh8+ Kg7 51. Rdg8+ Kf6 52. Rxh6+ Ke7 53. Rg7+ Kf8
54. Rxa7 Rb1+ 55. Kg2 Rb2+ 56. Kf1 Nd2+ 57. Ke2 Nxc4+ 58. Kd3 Nxe5+ 59. fxe5 Kg8
60. Rc6 Rb8 61. e6 Re8 62. Kd4 f4 63. gxf4 gxf4 64. Ke4 Rf8 65. Rcc7 Re8 66. Rh7
Rxe6+ 67. Kxf4 Rf6+ 68. Kg5 Rf1 69. Rhb7 Rg1+ 70. Kh6 1-0

[Event "World Blitz Women 2017"]
[Site "Riyadh KSA"]
[Date "2017.12.29"]
[Round "1.9"]
[White "Vijayalakshmi, Subbaraman"]
[Black "Paehtz, Elisabeth"]
[Result "1-0"]
[WhiteTitle "IM"]
[BlackTitle "IM"]
[WhiteElo "2357"]
[BlackElo "2464"]
[WhiteFideId "5004098"]
[BlackFideId "4641833"]
[EventDate "2017.12.29"]

1. Nf3 g6 2. g3 Bg7 3. Bg2 e5 4. c4 Nc6 5. Nc3 d6 6. d3 h6 7. Rb1 a5 8. a3 f5 9.
O-O Nf6 10. Bd2 O-O 11. b4 axb4 12. axb4 g5 13. b5 Ne7 14. Qc1 Ng6 15. Nd5 Nxd5
16. cxd5 b6 17. Qc4 f4 18. Rfc1 Rf7 19. Ne1 Bf5 20. Nc2 Qf8 21. Ra1 Rc8 22. Ra7
h5 23. Nb4 h4 24. Na6 Bg4 25. f3 h3 26. Bf1 fxg3 27. Qxg4 g2 28. Rcxc7 Rcxc7 29.
Rxc7 gxf1=Q+ 30. Kxf1 e4 31. dxe4 Ne5 32. Qe6 g4 33. Rxf7 Nxf7 34. Qxg4 Ne5 35.
Qe6+ Nf7 36. Nc7 Qd8 37. Ne8 Qh4 38. Nxd6 Qh5 39. Qxf7+ Qxf7 40. Nxf7 Kxf7 41.
Be3 1-0

[Event "World Blitz Women 2017"]
[Site "Riyadh KSA"]
[Date "2017.12.29"]
[Round "1.10"]
[White "Lei, Tingjie"]
[Black "Sedina, Elena"]
[Result "1-0"]
[WhiteTitle "GM"]
[BlackTitle "IM"]
[WhiteElo "2528"]
[BlackElo "2312"]
[WhiteFideId "8605114"]
[BlackFideId "812153"]
[EventDate "2017.12.29"]

1. c4 e5 2. g3 Nc6 3. Bg2 Bc5 4. Nc3 Nf6 5. e3 d6 6. Nge2 a6 7. O-O O-O 8. d4
Ba7 9. h3 Re8 10. Kh2 h6 11. b3 Bf5 12. d5 Ne7 13. e4 Bd7 14. f4 Ng6 15. f5 Nf8
16. g4 b5 17. Ng3 Bd4 18. Bd2 b4 19. Nce2 Bxa1 20. Qxa1 a5 21. Qc1 a4 22. Bxb4
axb3 23. axb3 Ra2 24. Bd2 Qb8 25. Bxh6 gxh6 26. Qxh6 N8h7 27. g5 Qd8 28. g6 Nf8
29. Nh5 Nxh5 30. gxf7+ Kxf7 31. Qxh5+ Kf6 32. Bf3 Qe7 33. Qh4+ Kg7 1-0

[Event "World Blitz Women 2017"]
[Site "Riyadh KSA"]
[Date "2017.12.29"]
[Round "1.12"]
[White "Dzagnidze, Nana"]
[Black "Batsiashvili, Nino"]
[Result "1-0"]
[WhiteTitle "GM"]
[BlackTitle "IM"]
[WhiteElo "2522"]
[BlackElo "2502"]
[WhiteFideId "13601903"]
[BlackFideId "13602993"]
[EventDate "2017.12.29"]

1. d4 d5 2. c4 e6 3. Nc3 Bb4 4. e3 Nf6 5. Nf3 O-O 6. Bd2 b6 7. Rc1 Ba6 8. Ne5
Be7 9. Be2 c5 10. cxd5 Bxe2 11. Qxe2 exd5 12. O-O Re8 13. Qf3 Bf8 14. Rfd1 Na6
15. Be1 cxd4 16. exd4 Nc7 17. Bd2 Ne6 18. Be3 Rc8 19. a3 a6 20. h3 b5 21. Ne2
Qd6 22. Ng3 Qb6 23. Nh5 Rxc1 24. Rxc1 Nxd4 25. Nxf6+ gxf6 26. Qg4+ Bg7 27. Bxd4
Qa5 28. Rc8 Rd8 29. Rxd8+ Qxd8 30. Nd7 Kh8 31. Qf5 Qe7 32. Nxf6 Qe1+ 33. Kh2 1-0

[Event "World Blitz Women 2017"]
[Site "Riyadh KSA"]
[Date "2017.12.29"]
[Round "1.13"]
[White "Gvetadze, Sofio"]
[Black "Krush, Irina"]
[Result "1/2-1/2"]
[WhiteTitle "IM"]
[BlackTitle "GM"]
[WhiteElo "2289"]
[BlackElo "2431"]
[WhiteFideId "13601440"]
[BlackFideId "2012782"]
[EventDate "2017.12.29"]

1. Nf3 c5 2. g3 Nc6 3. Bg2 g6 4. O-O Bg7 5. d3 d6 6. e4 Nf6 7. Nc3 O-O 8. h3 Rb8
9. Be3 b5 10. Qd2 b4 11. Ne2 a5 12. Bh6 Ba6 13. Bxg7 Kxg7 14. g4 c4 15. Ng3 cxd3
16. cxd3 Ne5 17. Ne1 Qb6 18. Kh1 Rbc8 19. f4 Nc6 20. Nf3 Nd7 21. Rfe1 e5 22. f5
f6 23. g5 Nd4 24. Nh4 Nc2 25. gxf6+ Rxf6 26. Qg5 Kf7 27. fxg6+ hxg6 28. Rf1 Nxa1
29. Qxg6+ Ke6 30. Qg4+ Ke7 31. Qg7+ Ke6 32. Qg4+ Ke7 33. Qg7+ Ke6 34. Qg4+ Ke7
35. Qg7+ 1/2-1/2

[Event "World Blitz Women 2017"]
[Site "Riyadh KSA"]
[Date "2017.12.29"]
[Round "1.14"]
[White "Goryachkina, Aleksandra"]
[Black "Mammadova, Gulnar"]
[Result "1-0"]
[WhiteTitle "WGM"]
[BlackTitle "IM"]
[WhiteElo "2486"]
[BlackElo "2357"]
[WhiteFideId "4147103"]
[BlackFideId "13403508"]
[EventDate "2017.12.29"]

1. e4 g6 2. d4 Bg7 3. c4 d6 4. Nc3 Nd7 5. Nf3 e5 6. d5 Ne7 7. h4 Nf6 8. Be2 Bg4
9. Be3 Qd7 10. c5 Bxf3 11. Bxf3 dxc5 12. Bxc5 b6 13. Be3 Nc8 14. h5 Nd6 15. Qe2
h6 16. hxg6 fxg6 17. O-O-O O-O-O 18. Kb1 Kb7 19. Rc1 g5 20. Qc2 Nc4 21. Be2 Nxe3
22. fxe3 a6 23. Qd3 Ra8 24. Rc2 Qd6 25. Rhc1 Nd7 26. Na4 Rhc8 27. Bg4 Rd8 28.
Rc6 b5 29. Rxd6 cxd6 30. Bxd7 Rxd7 31. Qc3 Ka7 32. Nb6 1-0

[Event "World Blitz Women 2017"]
[Site "Riyadh KSA"]
[Date "2017.12.29"]
[Round "1.15"]
[White "Hoang, Thi Bao Tram"]
[Black "Bodnaruk, Anastasia"]
[Result "0-1"]
[WhiteTitle "WGM"]
[BlackTitle "IM"]
[WhiteElo "2410"]
[BlackElo "2428"]
[WhiteFideId "12401102"]
[BlackFideId "4181751"]
[EventDate "2017.12.29"]

1. d4 Nf6 2. c4 g6 3. Nc3 Bg7 4. e4 d6 5. Be2 O-O 6. Bg5 Na6 7. Nf3 c5 8. d5 Nc7
9. O-O a6 10. h3 b5 11. cxb5 axb5 12. Bd3 b4 13. Ne2 Ba6 14. Re1 Nd7 15. Bxa6
Rxa6 16. Qd2 Re8 17. a3 Qa8 18. h4 bxa3 19. Rxa3 Rxa3 20. bxa3 Qxa3 21. Rb1 Nf6
22. Rb7 Na6 23. Ng3 Nb4 24. Bxf6 Bxf6 25. h5 Qa6 26. Rxb4 cxb4 27. Qxb4 Rc8 28.
Qd2 Qc4 29. Qh6 Qc1+ 30. Qxc1 Rxc1+ 31. Kh2 Kg7 32. hxg6 hxg6 33. Kh3 Rc2 34.
Nh1 Ra2 35. Kg3 Bc3 36. Nh2 Be5+ 37. f4 Ra3+ 38. Nf3 Bb2 39. Nf2 e6 40. dxe6
fxe6 41. Kg4 Kf6 42. Kg3 Bc1 43. Ng4+ Ke7 44. e5 d5 45. Nf6 d4 46. Ne4 d3 47.
Kg4 Ra2 48. Nc3 Rxg2+ 49. Kh4 Rc2 50. Nd1 Bxf4 51. Kg4 g5 52. Nd4 Rc1 53. Nf2 d2
54. Nb3 Rf1 55. Nxd2 Bxd2 56. Nd3 Bf4 57. Kh5 Kf7 58. Nb4 Rh1+ 59. Kg4 Kg6 60.
Nc6 Rg1+ 61. Kf3 Rc1 62. Nd4 Bxe5 63. Nxe6 0-1

[Event "World Blitz Women 2017"]
[Site "Riyadh KSA"]
[Date "2017.12.29"]
[Round "1.16"]
[White "Danielian, Elina"]
[Black "Zimina, Olga"]
[Result "0-1"]
[WhiteTitle "GM"]
[BlackTitle "IM"]
[WhiteElo "2413"]
[BlackElo "2415"]
[WhiteFideId "13300210"]
[BlackFideId "4132190"]
[EventDate "2017.12.29"]

1. Nf3 d5 2. e3 Nf6 3. c4 c6 4. Nc3 a6 5. b3 Bg4 6. Be2 Nbd7 7. Bb2 e6 8. h3 Bh5
9. O-O Bd6 10. a3 O-O 11. b4 e5 12. d3 Qe7 13. Nh4 Bxe2 14. Qxe2 Qe6 15. c5 Bc7
16. e4 Rfe8 17. Nf5 Nf8 18. Rfe1 Rad8 19. Qf3 Ng6 20. Ne2 a5 21. exd5 Qxd5 22.
Qxd5 Rxd5 23. Rad1 Red8 24. Nc1 axb4 25. axb4 Kf8 26. g3 e4 27. Ne3 R5d7 28.
Bxf6 gxf6 29. dxe4 Ne5 30. Kg2 Rd4 31. f4 Nc4 32. Rxd4 Rxd4 33. Nf5 Rd2+ 34. Kf3
Ke8 35. Nb3 Rb2 36. Rc1 Rxb3+ 37. Kg4 Ne3+ 38. Nxe3 Rxe3 39. Rc4 Rb3 40. Rd4 Ke7
41. h4 b6 42. cxb6 Bxb6 43. Rc4 Kd7 44. Kf5 Rxg3 45. Kxf6 Ke8 46. Rxc6 Rg6+ 47.
Kf5 Rxc6 0-1

[Event "World Blitz Women 2017"]
[Site "Riyadh KSA"]
[Date "2017.12.29"]
[Round "1.17"]
[White "Khukhashvili, Sopiko"]
[Black "Hoang, Thanh Trang"]
[Result "0-1"]
[WhiteTitle "IM"]
[BlackTitle "GM"]
[WhiteElo "2312"]
[BlackElo "2439"]
[WhiteFideId "13602055"]
[BlackFideId "12400149"]
[EventDate "2017.12.29"]

1. c4 f5 2. d4 Nf6 3. Nc3 d6 4. g3 g6 5. Bg2 Bg7 6. Bg5 O-O 7. Qd2 Nc6 8. O-O-O
Ng4 9. Be3 Nxe3 10. fxe3 e5 11. d5 Ne7 12. e4 a6 13. h4 f4 14. gxf4 exf4 15. Nh3
Be5 16. Rdf1 b5 17. h5 bxc4 18. Nxf4 g5 19. Ne6 Bxe6 20. dxe6 h6 21. Rf7 Rxf7
22. exf7+ Kxf7 23. e3 Kg7 24. Qe2 Qg8 25. Bf1 Rf8 26. Qxc4 Qxc4 27. Bxc4 a5 28.
Nd5 Nxd5 29. exd5 Rf2 30. Rf1 Rxb2 31. a4 Rh2 32. Bb5 Rxh5 33. Be8 Rh2 34. Rf7+
Kg8 35. Rxc7 g4 36. Bf7+ Kf8 37. Bg6 g3 38. Rf7+ Kg8 39. Rf1 g2 40. Rd1 Rh1 41.
Be4 Rxd1+ 42. Kxd1 g1=Q+ 43. Kd2 Qf2+ 44. Kd3 Qb2 45. Bf3 Qc3+ 46. Ke4 Qc2# 0-1

[Event "World Blitz Women 2017"]
[Site "Riyadh KSA"]
[Date "2017.12.29"]
[Round "1.18"]
[White "Gaponenko, Inna"]
[Black "Ambartsumova, Karina"]
[Result "1-0"]
[WhiteTitle "IM"]
[BlackTitle "WGM"]
[WhiteElo "2435"]
[BlackElo "2359"]
[WhiteFideId "14101181"]
[BlackFideId "4166299"]
[EventDate "2017.12.29"]

1. e4 c5 2. Nc3 Nc6 3. Nge2 Nf6 4. d4 cxd4 5. Nxd4 e6 6. Ndb5 d6 7. Bf4 Ne5 8.
Qd4 Be7 9. Nxd6+ Qxd6 10. Bxe5 Qxd4 11. Bxd4 O-O 12. O-O-O a6 13. f3 b5 14. g4
Bb7 15. g5 Nh5 16. Be3 Rfd8 17. Bh3 g6 18. Bg4 Ng7 19. h4 Bc6 20. Rxd8+ Rxd8 21.
Rd1 Rc8 22. Ne2 Be8 23. Bh3 b4 24. Kb1 a5 25. c3 Ba4 26. Rd2 Bb5 27. Kc2 Nh5 28.
Bg4 Ng7 29. Nd4 Ba4+ 30. Nb3 bxc3 31. bxc3 Ne8 32. Kb2 Nc7 33. Nxa5 Be8 34. Bh3
Ra8 35. Nb3 Nb5 36. Bf1 Ba3+ 37. Kc2 Rc8 38. Bxb5 Bxb5 39. Bd4 Kf8 40. Bf6 Ba4
41. Rd8+ Rxd8 42. Bxd8 Bb5 43. Bb6 Ke8 44. Nd4 Ba4+ 45. Kd3 Bd1 46. f4 Kd7 47.
Kd2 Bg4 48. Ba5 Bc5 49. Bb4 Bxd4 50. cxd4 Bf3 51. Ke3 Bg2 52. a4 Kc6 53. Bc5 Bh1
54. a5 Kb5 55. Bb6 Bg2 56. Bd8 Bh1 57. f5 gxf5 58. exf5 exf5 59. Kf4 Be4 60. Bb6
Kc6 61. Ke5 Bd3 62. d5+ Kd7 63. Be3 Bc4 64. d6 Bd3 65. Bf4 Be2 66. Kf6 Bc4 67.
Kg7 Bb5 68. Kxh7 Ke6 69. Kg7 Be2 70. Kh6 f6 71. g6 Bc4 72. g7 Kf7 73. Kh7 Ke8
74. g8=Q+ 1-0

[Event "World Blitz Women 2017"]
[Site "Riyadh KSA"]
[Date "2017.12.29"]
[Round "1.19"]
[White "Karavade, Eesha"]
[Black "Abdumalik, Zhansaya"]
[Result "0-1"]
[WhiteTitle "IM"]
[BlackTitle "IM"]
[WhiteElo "2384"]
[BlackElo "2449"]
[WhiteFideId "5012600"]
[BlackFideId "13703544"]
[EventDate "2017.12.29"]

1. d4 Nf6 2. c4 d6 3. Nc3 Bf5 4. Nf3 g6 5. Nh4 Bd7 6. e4 e5 7. Nf3 Nc6 8. d5 Ne7
9. h3 Bg7 10. Be3 c5 11. g4 a6 12. a4 Qa5 13. Nd2 h6 14. Bd3 g5 15. f3 Ng6 16.
O-O Qd8 17. Rf2 Qe7 18. Rb1 Nf4 19. Bf1 h5 20. b4 b6 21. bxc5 bxc5 22. a5 hxg4
23. hxg4 Rh4 24. Rh2 Rxh2 25. Kxh2 Qd8 26. Rb6 Ke7 27. Bf2 Qh8+ 28. Kg1 Nh3+ 29.
Bxh3 Qxh3 30. Qf1 Qh6 31. Qg2 Qh8 32. Nf1 Ne8 33. Ng3 Bf6 34. Nf5+ Bxf5 35. exf5
Kf8 36. Ne4 Bd8 37. Rc6 Bxa5 38. Nxd6 Nxd6 39. Rxd6 Bb4 40. Be3 e4 41. fxe4 Qa1+
42. Qf1 Qe5 43. Rh6 Qg3+ 44. Qg2 Qxe3+ 45. Kh1 Kg7 46. Rh5 Bc3 47. d6 Rb8 0-1

[Event "World Blitz Women 2017"]
[Site "Riyadh KSA"]
[Date "2017.12.29"]
[Round "1.20"]
[White "Khotenashvili, Bela"]
[Black "Savina, Anastasia"]
[Result "0-1"]
[WhiteTitle "GM"]
[BlackTitle "IM"]
[WhiteElo "2476"]
[BlackElo "2350"]
[WhiteFideId "13602640"]
[BlackFideId "4196872"]
[EventDate "2017.12.29"]

1. c4 c5 2. Nc3 g6 3. Nf3 Bg7 4. e3 Nf6 5. d4 cxd4 6. exd4 d5 7. Be2 O-O 8. O-O
Nc6 9. Re1 Bg4 10. h3 Bxf3 11. Bxf3 dxc4 12. d5 Nb4 13. Bg5 Nd3 14. Re2 h6 15.
Bh4 Rc8 16. Qd2 a6 17. a4 Nc5 18. Rd1 Re8 19. Bg3 Nfd7 20. Bf4 g5 21. Bg3 Nb3
22. Qe3 Ndc5 23. Be5 Bxe5 24. Qxe5 Qd6 25. Qf5 Qd7 26. Qe5 Qd6 27. Qe3 Rcd8 28.
g3 Qf6 29. Kg2 Nd3 30. Qe4 Rc8 31. Qe3 Nd4 32. Red2 Nxf3 33. Qxf3 Qxf3+ 34. Kxf3
Nc5 35. Rd4 Nb3 36. Re4 Kf8 37. g4 Rc5 38. Re2 b5 39. axb5 axb5 40. Ne4 Rcc8 41.
d6 exd6 42. Nxd6 Rxe2 43. Kxe2 Rb8 44. Rd5 Rd8 45. Ke3 b4 46. Ke4 c3 47. bxc3
bxc3 48. Kd3 Nc5+ 49. Rxc5 Rxd6+ 50. Kxc3 Rf6 51. Kd4 Rxf2 52. Rc3 Kg7 53. Ke5
Ra2 54. Ke4 Rf2 55. Ke5 Rf1 56. Ke4 Kg6 57. Rc6+ f6 58. Rc3 h5 59. gxh5+ Kxh5
60. Rc8 f5+ 61. Ke5 Kh4 62. Rh8+ Kg3 63. Rg8 g4 64. hxg4 fxg4 65. Ke4 Kh3 66.
Ke3 g3 67. Ke2 Rf5 68. Rh8+ Kg2 69. Re8 Kh1 70. Re7 g2 71. Rh7+ Kg1 72. Re7 Rh5
73. Kf3 Kh1 74. Re1+ 0-1

[Event "World Blitz Women 2017"]
[Site "Riyadh KSA"]
[Date "2017.12.29"]
[Round "1.21"]
[White "Melia, Salome"]
[Black "Ding, Yixin"]
[Result "1-0"]
[WhiteTitle "IM"]
[BlackTitle "WGM"]
[WhiteElo "2404"]
[BlackElo "2424"]
[WhiteFideId "13602446"]
[BlackFideId "8602972"]
[EventDate "2017.12.29"]

1. b3 Nf6 2. Bb2 g6 3. Bxf6 exf6 4. c4 Bg7 5. Nc3 f5 6. Rc1 O-O 7. g3 Re8 8. Bg2
Nc6 9. e3 d6 10. Nge2 Bd7 11. O-O Rb8 12. d4 a6 13. Nd5 Ne7 14. Nef4 c6 15.
Nxe7+ Qxe7 16. h4 Qf8 17. c5 d5 18. Re1 Qe7 19. b4 Bh6 20. Qd2 Qf6 21. Nd3 Qxd4
22. Qc2 Qf6 23. f4 Bg7 24. Ne5 Qd8 25. Nf3 Re7 26. a4 Qe8 27. Kf2 a5 28. bxa5
Ra8 29. Rb1 Bc8 30. Qd2 Qd8 31. Rb6 Qe8 32. Bf1 Re4 33. a6 bxa6 34. Nd4 Bf8 35.
Qc3 Bd7 36. Bxa6 Be7 37. Bd3 Bd8 38. a5 Bxb6 39. cxb6 Re7 40. a6 Bc8 41. b7 Bxb7
42. axb7 Rxb7 43. Qxc6 Rb2+ 44. Kf3 Qxc6 45. Nxc6 Raa2 46. Be2 Kg7 47. Nd4 Ra3
48. Rc1 Rb7 49. Rc5 Re7 50. Nc2 Ra2 51. Bd3 Rd7 52. Ke2 Rb2 53. Kd2 Kf6 54. Kc3
Rbb7 55. Kd4 Ke6 56. Rc6+ Rd6 57. Rxd6+ Kxd6 58. Na3 Kc6 59. Nb1 Rb2 60. Nc3 Rg2
61. Nxd5 Rxg3 62. Nf6 Rh3 63. h5 gxh5 64. Bxf5 Rh1 65. Nxh7 Rd1+ 66. Ke5 h4 67.
Ng5 Kc5 68. e4 Rf1 69. Bh3 Rf2 70. f5 Kc6 71. Kf6 Kd6 72. e5+ Kd5 73. Nxf7 Re2
74. e6 Re3 75. Ng5 Kd6 76. Kf7 Ra3 77. f6 Ke5 78. e7 Ra8 79. Bd7 Kf4 80. Nh3+
Ke5 81. e8=Q+ Rxe8 82. Bxe8 1-0

[Event "World Blitz Women 2017"]
[Site "Riyadh KSA"]
[Date "2017.12.29"]
[Round "1.22"]
[White "Skripchenko, Almira"]
[Black "Bulmaga, Irina"]
[Result "1-0"]
[WhiteTitle "IM"]
[BlackTitle "IM"]
[WhiteElo "2403"]
[BlackElo "2427"]
[WhiteFideId "13900145"]
[BlackFideId "13903063"]
[EventDate "2017.12.29"]

1. e4 c5 2. Nf3 d6 3. c3 Nf6 4. h3 Nc6 5. Bd3 g6 6. Bc2 Bg7 7. d4 cxd4 8. cxd4
O-O 9. Nc3 e5 10. Be3 Re8 11. O-O exd4 12. Nxd4 Nxd4 13. Bxd4 Be6 14. Re1 Rc8
15. Qd2 a6 16. Rad1 Rc6 17. a3 b5 18. Bb1 Bb3 19. Rc1 Qd7 20. Nd5 Bxd5 21. exd5
Rxc1 22. Rxc1 Rc8 23. Bc3 Ne8 24. Bxg7 Nxg7 25. Bd3 Rc5 26. Bf1 Ne8 27. b4 Rxc1
28. Qxc1 Nc7 29. Qd2 Qf5 30. Qc3 Nxd5 31. Qc6 Nf4 32. Qxa6 Qg5 33. g3 Ne6 34.
Qxb5 Qc1 35. Qd3 d5 36. b5 d4 37. b6 Qc6 38. Qb5 Qb7 39. a4 h6 40. a5 Ng5 41.
Bg2 Nf3+ 42. Bxf3 Qxf3 43. b7 Qd1+ 44. Qf1 Qb3 45. a6 Qb6 46. Qa1 d3 47. a7 d2
48. a8=Q+ Kh7 49. Q8a4 h5 50. Q4d1 Qxb7 51. Qxd2 Qe7 52. Qae1 Qb7 53. Qd4 Qc7
54. Qee5 Qc1+ 55. Kh2 Qc8 56. Qg7# 1-0